MARC

LEADER 00000nam0a2200000 4500
001 289208
005 20231102000151.0
020 |a RU  |b 83-68569 
035 |a (RuTPU)RU\TPU\book\313713 
090 |a 289208 
100 |a 20150331d1983 k y0rusy5003 ca 
101 0 |a rus 
102 |a UA 
105 |a a z 000zy 
200 1 |a Измерение эффективности новой техники  |f Ю. Н. Бажал 
210 |a Киев  |c Наукова думка  |d 1983 
215 |a 104 с.  |c ил. 
606 1 |a Промышленные предприятия  |x Внедрение передовой технологии и техники  |x Экономическая эффективность  |x Технико-экономические показатели, расчеты  |2 stltpush  |3 (RuTPU)RU\TPU\subj\52584  |9 70996 
610 1 |a новая техника 
610 1 |a эффективность 
610 1 |a измерение 
610 1 |a капитальные вложения 
610 1 |a хозрасчетная деятельность 
610 1 |a нормативные данные 
610 1 |a коэффициенты 
675 |a 658.589.011.46  |z rus  |v 3 
700 1 |a Бажал  |b Ю. Н.  |g Юрий Николаевич  |4 070 
712 0 2 |a Академия наук Украинской ССР (АН УССР)  |b Институт экономики (ИЭ)  |2 stltpush  |3 (RuTPU)RU\TPU\col\11343 
801 0 |a RU  |b RuMRKP  |c 19950704  |g psbo 
801 1 |a RU  |b 63413507  |c 20150331 
801 2 |a RU  |b 63413507  |c 20170111  |g RCR 
942 |c BK